Integrated strategies for safety and environment

Guardado en:
Detalles Bibliográficos
Formato: Libro
Lenguaje:inglés
Publicado: Paris OECD 1997
Colección:Road transport research
Materias:
Etiquetas: Agregar Etiqueta
Sin Etiquetas, Sea el primero en etiquetar este registro!

MARC

LEADER 00000nam a2200000 4500
001 c120062
005 20221124074708.5
020 |a 92-64-15664-X 
041 0 |a eng 
044 |a FR 
245 1 0 |a Integrated strategies for safety and environment 
264 1 |a Paris  |b OECD  |c 1997 
300 |a 96 s. 
490 1 |a Road transport research 
830 0 |a Road transport research 
610 2 0 |a doprava 
610 2 0 |a doprava cestná 
610 2 0 |a OECD 
610 2 0 |a bezpečnosť dopravy 
610 2 0 |a prostredie životné